Statistics for Karl Pilkington's Rockbusters

Click here to take the quiz!

General Stats

  • This quiz has been taken 214 times
  • The average score is 12 of 25

Answer Stats

HintAnswer% Correct
Exploding petAtomic Kitten
90%
Better than the average homeless personSupertramp
77%
The little girl is hungry; what shall we do?Feeder
74%
I was in Texas the other week, I fell over and landed on my knees in a puddleWhitney Houston
69%
At the moment I'm in a river full of logsJustin Timberlake
62%
I'll take that book to the toilet with meLou Reed
62%
This young man prepared for his deathWill Young
57%
That lad's got bad asthmaWeezer
55%
I saw Mousetrap the other night, but the heating was knackered and it ruined the eveningColdplay
51%
That army has got some well nice trenchesDandy Warhols
51%
Why are them Jamaican men swinging fish around their head?Detroit Spinners
49%
How can I wash up in something shaped like that?N-Sync
49%
I really really love that woman. I love everything she doesMadonna
44%
That'll never get off the groundLed Zeppelin
41%
He doesn't like women, yet he's got a couple of kids. That's a bit weird innit?Puff Daddy
41%
He'll fit some chocolate to your feetAerosmith
37%
The fella has only got one badge leftElastica
37%
The northern lad remembers he has to tell his mom's daughter somethingOasis
37%
I'll have to put that woman in the ovenAnita Baker
36%
I don't like them birds; they shouldn't be allowed in this areaBangulls
35%
The top of them curtains are wrecked; all the material's wornHolly Valance
32%
Stop throwing that fruit aboutChuck Berry
26%
Blow the candles out before you eat the cakeFlaming Lips
26%
The unmarried lady is a friend I eat out withMs Dynamite
22%
That Jamaican fella needs an aspirin. Why is that?Freda Payne
18%

Score Distribution

Percentile by Number Answered

Percent of People with Each Score

Your Score History

You have not taken this quiz